[Event "Mittelfranken-chTB1 1819"]
[Site "Mittelfranken"]
[Date "2018.10.14"]
[Round "1.6"]
[White "Ahlich, Thomas"]
[Black "Zach, Andreas"]
[Result "1-0"]
[WhiteElo "1909"]
[BlackElo "1805"]
[PlyCount "55"]
[EventDate "2018.10.14"]
[EventType "team-tourn"]
[EventRounds "9"]
[EventCountry "GER"]
[SourceTitle "EXT 2022"]
[Source "ChessBase"]
[SourceDate "2021.10.06"]
[SourceVersion "1"]
[SourceVersionDate "2021.10.06"]
[SourceQuality "1"]
[WhiteTeam "Nuernberg Zabo Eintracht"]
[BlackTeam "Lauf SV"]
[WhiteTeamCountry "GER"]
[BlackTeamCountry "GER"]

1. Nf3 d5 2. d4 g6 3. g3 Bg7 4. Bg2 Nf6 5. 0-0 0-0 6. b3 c6 7. Bb2 Na6 8. Nbd2 Nc7 9. c4 b6 10. Rc1 Bb7 11. Ne5 e6 12. b4 Nd7 13. cxd5 Nxe5 14. dxc6 Nxc6 15. Bxc6 Bxc6 16. Rxc6 Nb5 17. Nb3 Qd7 18. Qc2 Rfc8 19. Rc1 Rxc6 20. Qxc6 Qxc6 21. Rxc6 Rd8 22. e3 Rd7 23. a4 Nd6 24. b5 Nf5 25. Rc8+ Bf8 26. Ba3 Nd6 27. Bxd6 Rxd6 28. Rc7 1-0

[Event "Mittelfranken-chTB1 1718"]
[Site "Mittelfranken"]
[Date "2018.04.08"]
[Round "7.6"]
[White "Zach, Andreas"]
[Black "Surinya, Tibor"]
[Result "1/2-1/2"]
[WhiteElo "1819"]
[BlackElo "1994"]
[PlyCount "58"]
[EventDate "2017.10.08"]
[EventType "team-tourn"]
[EventRounds "9"]
[EventCountry "GER"]
[SourceTitle "EXT 2022"]
[Source "ChessBase"]
[SourceDate "2021.10.06"]
[SourceVersion "1"]
[SourceVersionDate "2021.10.06"]
[SourceQuality "1"]
[WhiteTeam "Lauf SV"]
[BlackTeam "Nuernberg Noris Tarrasch III"]
[WhiteTeamCountry "GER"]
[BlackTeamCountry "GER"]

1. d4 Nf6 2. Bg5 d5 3. Nd2 c5 4. e3 Nc6 5. Ngf3 Bg4 6. Be2 e6 7. 0-0 cxd4 8. Nxd4 Bxe2 9. Qxe2 Nxd4 10. exd4 Be7 11. c3 0-0 12. Rfe1 Qc7 13. Nf1 Rab8 14. a3 b5 15. Rac1 Ne4 16. Bxe7 Qxe7 17. f3 Nd6 18. Ne3 Qc7 19. Ng4 a5 20. Ne5 Nc4 21. Nxc4 bxc4 22. Qd2 Rb6 23. Rc2 Qe7 24. f4 Qf6 25. g3 Rfb8 26. Re2 Qf5 27. Qc1 Qd3 28. Re3 Qg6 29. Rd2 Qg4 1/2-1/2

[Event "Mittelfranken-chTB1 1617"]
[Site "Mittelfranken"]
[Date "2017.02.12"]
[Round "6.7"]
[White "Hein, Manfred"]
[Black "Zach, Andreas"]
[Result "0-1"]
[WhiteElo "1724"]
[BlackElo "1819"]
[PlyCount "105"]
[EventDate "2016.10.23"]
[EventType "team-tourn"]
[EventRounds "9"]
[EventCountry "GER"]
[SourceTitle "EXT 2022"]
[Source "ChessBase"]
[SourceDate "2021.10.06"]
[SourceVersion "1"]
[SourceVersionDate "2021.10.06"]
[SourceQuality "1"]
[WhiteTeam "Gunzenhausen"]
[BlackTeam "Lauf SV"]
[WhiteTeamCountry "GER"]
[BlackTeamCountry "GER"]

1. e4 d5 2. exd5 Qxd5 3. Nc3 Qd6 4. Nf3 Nf6 5. Be2 a6 6. d3 Nc6 7. h3 e5 8. Be3 Be7 9. Qd2 Bd7 10. 0-0 0-0 11. Ne4 Nxe4 12. dxe4 Qxd2 13. Bxd2 Nd4 14. Bd1 Bd6 15. c3 Nxf3+ 16. Bxf3 Bc6 17. g4 f5 18. gxf5 Rxf5 19. Bg2 Rf6 20. f3 Bc5+ 21. Kh2 Rd6 22. Bg5 Rg6 23. Bh4 Rf8 24. Rad1 Be3 25. Bg3 Re6 26. Rfe1 Bc5 27. Rd2 g5 28. Red1 Bd6 29. b3 h5 30. c4 b6 31. Be1 a5 32. Bf2 Ref6 33. Be3 Rg6 34. Bxb6 g4 35. fxg4 hxg4 36. hxg4 Rxg4 37. c5 Be7 38. Bxc7 Bg5 39. Rd8 Bxd8 40. Bxd8 Rf2 41. Rg1 Bxe4 42. Bxa5 Rfxg2+ 43. Rxg2 Rxg2+ 44. Kh3 Rxa2 45. b4 Bc6 46. Kg4 e4 47. Kf5 Kf7 48. Ke5 e3 49. Bd8 Ke8 50. Bg5 e2 51. Bh4 Kd7 52. Kd4 Ra1 53. Kc4 0-1

[Event "Oberliga Bayern 1516"]
[Site "Bayern"]
[Date "2015.11.15"]
[Round "3.3"]
[White "Zach, Andreas"]
[Black "Testor, Sebastian"]
[Result "1-0"]
[WhiteElo "2302"]
[BlackElo "2307"]
[PlyCount "67"]
[EventDate "2015.10.11"]
[EventType "team-tourn"]
[EventRounds "9"]
[EventCountry "GER"]
[SourceTitle "EXT 2018"]
[Source "ChessBase"]
[SourceDate "2017.10.13"]
[SourceVersion "1"]
[SourceVersionDate "2017.10.13"]
[SourceQuality "1"]
[WhiteTeam "Groebenzell"]
[BlackTeam "Passau"]
[WhiteTeamCountry "GER"]
[BlackTeamCountry "GER"]

1. d4 Nf6 2. Bf4 c5 3. c3 e6 4. e3 Nc6 5. Nd2 d5 6. Ngf3 Bd6 7. Bxd6 Qxd6 8. Bb5 Bd7 9. a4 a6 10. Be2 0-0 11. 0-0 e5 12. Nc4 dxc4 13. dxe5 Qxd1 14. Rfxd1 Ng4 15. Rxd7 Ngxe5 16. Nxe5 Nxe5 17. Rd5 Rfe8 18. Rxc5 Rad8 19. Bxc4 Rd2 20. b4 g6 21. a5 Re7 22. h3 Kg7 23. Bf1 Kf6 24. c4 Red7 25. b5 Nd3 26. Bxd3 R7xd3 27. bxa6 bxa6 28. Rc6+ Kg5 29. Rxa6 Rc3 30. h4+ Kxh4 31. Rf6 Rd7 32. a6 Ra7 33. Ra5 Rxc4 34. Kh2 1-0

[Event "Oberliga Bayern 1415"]
[Site "Germany"]
[Date "2015.03.15"]
[Round "8.1"]
[White "Zach, Andreas"]
[Black "Krivoborodov, Egor"]
[Result "0-1"]
[WhiteElo "2321"]
[BlackElo "2511"]
[PlyCount "60"]
[EventDate "2014.10.19"]
[EventType "team-tourn"]
[EventRounds "9"]
[EventCountry "GER"]
[SourceTitle "EXT 2016"]
[Source "ChessBase"]
[SourceDate "2015.10.08"]
[SourceVersion "1"]
[SourceVersionDate "2015.10.08"]
[SourceQuality "1"]
[WhiteTeam "Groebenzell"]
[BlackTeam "Garching"]
[WhiteTeamCountry "GER"]
[BlackTeamCountry "GER"]

1. d4 d5 2. Bf4 c5 3. e3 Nc6 4. c3 Nf6 5. Nd2 Bf5 6. Ngf3 e6 7. Qa4 Nd7 8. Bb5 Qb6 9. 0-0 a6 10. Bxc6 Qxc6 11. Qxc6 bxc6 12. Rfe1 Be7 13. Nb3 Rc8 14. h3 f6 15. dxc5 e5 16. Bg3 Nxc5 17. Nxc5 Bxc5 18. b4 Bb6 19. Nd2 Ke7 20. f3 c5 21. c4 cxb4 22. cxd5 Rhd8 23. Nf1 Rxd5 24. Bf2 Rc2 25. g4 Bg6 26. h4 Ra5 27. h5 Bd3 28. Ng3 Raxa2 29. Rxa2 Rxa2 30. Rd1 Bc2 0-1

[Event "Oberliga Bayern 1415"]
[Site "Germany"]
[Date "2014.11.23"]
[Round "3.1"]
[White "Zach, Andreas"]
[Black "Heika, Martin"]
[Result "1/2-1/2"]
[WhiteElo "2321"]
[BlackElo "2392"]
[PlyCount "82"]
[EventDate "2014.10.19"]
[EventType "team-tourn"]
[EventRounds "9"]
[EventCountry "GER"]
[SourceTitle "EXT 2016"]
[Source "ChessBase"]
[SourceDate "2015.10.08"]
[SourceVersion "1"]
[SourceVersionDate "2015.10.08"]
[SourceQuality "1"]
[WhiteTeam "Groebenzell"]
[BlackTeam "Kareth Lappersdorf"]
[WhiteTeamCountry "GER"]
[BlackTeamCountry "GER"]

1. d4 Nf6 2. Bg5 e6 3. Nd2 d5 4. e3 Be7 5. Ngf3 Nbd7 6. Bd3 b6 7. Ne5 Nxe5 8. dxe5 Nd7 9. Bf4 Bb7 10. c3 Nc5 11. Bc2 Ba6 12. Nb3 Nxb3 13. axb3 Bb5 14. Bg3 Qd7 15. Bd3 a5 16. 0-0 0-0 17. Qe2 Bxd3 18. Qxd3 Rfd8 19. f4 g6 20. Rfd1 a4 21. b4 Qc6 22. Bf2 b5 23. g4 Qc4 24. Qxc4 dxc4 25. e4 Kf8 26. f5 Ke8 27. f6 Bf8 28. g5 Rxd1+ 29. Rxd1 Rd8 30. Rxd8+ Kxd8 31. Kf1 c5 32. Be1 Kd7 33. Ke2 Kc6 34. Kf3 Kb6 35. Ke2 Kb7 36. Ke3 Kc7 37. Ke2 Kc6 38. Kd1 h6 39. h4 hxg5 40. hxg5 Kb6 41. Kc2 Kc6 1/2-1/2

[Event "Oberliga Bayern 1314"]
[Site "Bayern"]
[Date "2013.11.10"]
[Round "2.1"]
[White "Zach, Andreas"]
[Black "Kostic, Vladimir G"]
[Result "1-0"]
[WhiteElo "2307"]
[BlackElo "2436"]
[PlyCount "79"]
[EventDate "2013.10.13"]
[EventType "team-tourn"]
[EventRounds "9"]
[EventCountry "GER"]
[SourceTitle "EXT 2015"]
[Source "ChessBase"]
[SourceDate "2014.11.20"]
[SourceVersion "1"]
[SourceVersionDate "2014.11.20"]
[SourceQuality "1"]
[WhiteTeam "Groebenzell"]
[BlackTeam "Muenchen Suedost"]
[WhiteTeamCountry "GER"]
[BlackTeamCountry "GER"]

1. d4 d6 2. Bf4 Nc6 3. e3 Nf6 4. h3 e6 5. Nf3 Be7 6. Be2 0-0 7. 0-0 Ne4 8. c4 Kh8 9. Qc2 f5 10. Nc3 Nxc3 11. Qxc3 Bf6 12. b4 g5 13. Bh2 Bg7 14. b5 Nb8 15. c5 f4 16. cxd6 cxd6 17. Rac1 Nd7 18. Qc7 Qxc7 19. Rxc7 Bh6 20. h4 gxh4 21. Bd3 Nf6 22. exf4 Bg7 23. f5 exf5 24. Bxd6 Ne8 25. Bxf8 Nxc7 26. Bxg7+ Kxg7 27. Re1 Kf6 28. Nxh4 Be6 29. Re5 a6 30. bxa6 Nxa6 31. Bxf5 Bxa2 32. Rb5 Rb8 33. Rb6+ Ke7 34. Bxh7 Kd7 35. Bd3 Kc7 36. Rb2 Bd5 37. Nf5 Rd8 38. Ne3 Nb8 39. Nxd5+ Rxd5 40. Be4 1-0

[Event "Bayern-chI Bank Hofmann 17th"]
[Site "Bad Wiessee"]
[Date "2013.10.30"]
[Round "6"]
[White "Schoenberger, Peter"]
[Black "Zach, Andreas"]
[Result "0-1"]
[WhiteElo "2138"]
[BlackElo "2307"]
[PlyCount "96"]
[EventDate "2013.10.26"]
[EventType "swiss"]
[EventRounds "9"]
[EventCountry "GER"]
[SourceTitle "EXT 2014"]
[Source "ChessBase"]
[SourceDate "2013.11.20"]
[SourceVersion "1"]
[SourceVersionDate "2013.11.20"]
[SourceQuality "1"]

1. e4 e6 2. d4 d5 3. Nd2 Be7 4. Bd3 c5 5. dxc5 Nf6 6. Qe2 a5 7. Ngf3 0-0 8. a4 Na6 9. e5 Nd7 10. Nb3 Naxc5 11. Nxc5 Nxc5 12. Bb5 f5 13. exf6 Bxf6 14. 0-0 Bd7 15. Rd1 Rc8 16. Rb1 Re8 17. Ne5 Bxb5 18. axb5 Bxe5 19. Qxe5 Ne4 20. c3 Qb6 21. Be3 Qxb5 22. f3 Nf6 23. Bg5 Qb6+ 24. Rd4 Nd7 25. Qe3 h6 26. Bh4 e5 27. Rd3 Qxe3+ 28. Rxe3 Kf7 29. Rd1 g5 30. Bf2 Nf6 31. Bg3 e4 32. h4 a4 33. hxg5 hxg5 34. Bd6 Ke6 35. Bb4 Rc4 36. Kf2 g4 37. Ree1 Rh8 38. Ba5 gxf3 39. gxf3 Rh2+ 40. Kg3 Rxb2 41. Rb1 Rxb1 42. Rxb1 a3 43. Ra1 Ra4 44. Bb6 exf3 45. Kxf3 a2 46. Ke3 Nd7 47. Bd4 Ne5 48. Kd2 Nf3+ 0-1

[Event "Bayern-chI Bank Hofmann 17th"]
[Site "Bad Wiessee"]
[Date "2013.10.26"]
[Round "2"]
[White "Helmschrott, Otto"]
[Black "Zach, Andreas"]
[Result "0-1"]
[WhiteElo "2067"]
[BlackElo "2307"]
[PlyCount "76"]
[EventDate "2013.10.26"]
[EventType "swiss"]
[EventRounds "9"]
[EventCountry "GER"]
[SourceTitle "EXT 2014"]
[Source "ChessBase"]
[SourceDate "2013.11.20"]
[SourceVersion "1"]
[SourceVersionDate "2013.11.20"]
[SourceQuality "1"]

1. e4 e6 2. d4 d5 3. e5 c5 4. c3 Nc6 5. Nf3 Nh6 6. dxc5 Bxc5 7. b4 Bb6 8. b5 Ne7 9. Bd3 Ng4 10. 0-0 Ng6 11. Qe2 Qc7 12. Bxg6 hxg6 13. h3 Nh6 14. a4 Nf5 15. Kh1 Bd7 16. Ba3 Rc8 17. Nbd2 Bc5 18. Bxc5 Qxc5 19. Rfc1 a6 20. c4 axb5 21. axb5 0-0 22. Rcb1 Ra8 23. Rxa8 Rxa8 24. cxd5 exd5 25. g4 Ne7 26. Ng5 Qc3 27. Ndf3 Ra4 28. e6 Bxe6 29. Nxe6 Re4 30. Qd1 Rxe6 31. Rb3 Qf6 32. Kg2 Re4 33. Qd2 Rf4 34. Re3 g5 35. Qe1 Ng6 36. Qe2 Rxf3 37. Rxf3 Nh4+ 38. Kg3 Qd6+ 0-1

[Event "Oberliga Bayern 1213"]
[Site "Bayern"]
[Date "2013.02.24"]
[Round "7.1"]
[White "Zach, Andreas"]
[Black "Baldauf, Marco"]
[Result "1/2-1/2"]
[WhiteElo "2238"]
[BlackElo "2381"]
[PlyCount "28"]
[EventDate "2012.10.14"]
[EventType "team-tourn"]
[EventRounds "9"]
[EventCountry "GER"]
[SourceTitle "EXT 2015"]
[Source "ChessBase"]
[SourceDate "2014.11.20"]
[SourceVersion "1"]
[SourceVersionDate "2014.11.20"]
[SourceQuality "1"]
[WhiteTeam "Groebenzell"]
[BlackTeam "Pang/Rosenheim"]
[WhiteTeamCountry "GER"]
[BlackTeamCountry "GER"]

1. d4 Nf6 2. Bf4 g6 3. e3 Bg7 4. Nf3 d6 5. Be2 0-0 6. 0-0 c5 7. c3 b6 8. h3 Bb7 9. a4 a6 10. Nbd2 Nbd7 11. Re1 Ra7 12. Bh2 Qa8 13. Nc4 Ne4 14. Bf1 Bc6 1/2-1/2

[Event "Oberliga Bayern 1213"]
[Site "Bayern"]
[Date "2013.01.13"]
[Round "5.1"]
[White "Zach, Andreas"]
[Black "Schramm, Christian"]
[Result "0-1"]
[WhiteElo "2238"]
[BlackElo "2354"]
[PlyCount "52"]
[EventDate "2012.10.14"]
[EventType "team-tourn"]
[EventRounds "9"]
[EventCountry "GER"]
[SourceTitle "EXT 2015"]
[Source "ChessBase"]
[SourceDate "2014.11.20"]
[SourceVersion "1"]
[SourceVersionDate "2014.11.20"]
[SourceQuality "1"]
[WhiteTeam "Groebenzell"]
[BlackTeam "Obernau"]
[WhiteTeamCountry "GER"]
[BlackTeamCountry "GER"]

1. d4 g6 2. Bf4 Bg7 3. e3 d6 4. Nf3 Nd7 5. h3 e5 6. Bh2 Qe7 7. Be2 f5 8. c4 Nh6 9. Nc3 c6 10. Qb3 Nf7 11. 0-0-0 0-0 12. g4 Nf6 13. c5 d5 14. gxf5 Bxf5 15. Nxe5 Nxe5 16. Bxe5 Ne4 17. Nxe4 Bxe5 18. Nd2 Bxd4 19. exd4 Qxe2 20. Rde1 Qxf2 21. Re7 Qxd4 22. Rxb7 Qxc5+ 23. Kd1 Rae8 24. Rf1 Bc2+ 25. Qxc2 Rxf1+ 26. Nxf1 Re1+ 0-1

[Event "Oberliga Bayern 1213"]
[Site "Bayern"]
[Date "2012.10.14"]
[Round "1.1"]
[White "Zach, Andreas"]
[Black "Nuber, Korbinian"]
[Result "0-1"]
[WhiteElo "2238"]
[BlackElo "2258"]
[PlyCount "86"]
[EventDate "2012.10.14"]
[EventType "team-tourn"]
[EventRounds "9"]
[EventCountry "GER"]
[SourceTitle "EXT 2015"]
[Source "ChessBase"]
[SourceDate "2014.11.20"]
[SourceVersion "1"]
[SourceVersionDate "2014.11.20"]
[SourceQuality "1"]
[WhiteTeam "Groebenzell"]
[BlackTeam "Dillingen"]
[WhiteTeamCountry "GER"]
[BlackTeamCountry "GER"]

1. d4 d5 2. Bf4 e6 3. e3 Nf6 4. Nd2 c5 5. c3 Nc6 6. Bd3 Bd6 7. Bg3 cxd4 8. exd4 e5 9. dxe5 Nxe5 10. Bxe5 Bxe5 11. Ngf3 Bd6 12. Bb5+ Bd7 13. Qe2+ Qe7 14. Bxd7+ Nxd7 15. Qxe7+ Bxe7 16. 0-0-0 0-0-0 17. Nf1 Nb6 18. Ne3 Bc5 19. Nd4 Rhe8 20. Nec2 Re5 21. Rhe1 Rde8 22. Rxe5 Rxe5 23. b3 a6 24. Rd3 Kd7 25. Kd2 g6 26. Rf3 Ke8 27. a4 Be7 28. Rd3 Nd7 29. Nf3 Rh5 30. Ne3 Nc5 31. Rxd5 Rxd5+ 32. Nxd5 Nxb3+ 33. Kc2 Nc5 34. a5 Ne4 35. Ne5 Nxf2 36. Kb3 Bd8 37. Kb4 f6 38. Nc4 Nd3+ 39. Kb3 Kd7 40. g3 Ne5 41. Ncb6+ Kd6 42. c4 Bxb6 43. axb6 Nd7 0-1

[Event "Imperia op-A 54th"]
[Site "Imperia"]
[Date "2012.09.05"]
[Round "4"]
[White "Ahner, Thomas"]
[Black "Zach, Andreas"]
[Result "0-1"]
[WhiteElo "2162"]
[BlackElo "2352"]
[PlyCount "56"]
[EventDate "2012.09.02"]
[EventType "swiss"]
[EventRounds "9"]
[EventCountry "ITA"]
[SourceTitle "EXT 2014"]
[Source "ChessBase"]
[SourceDate "2013.11.20"]
[SourceVersion "1"]
[SourceVersionDate "2013.11.20"]
[SourceQuality "1"]

1. e4 e6 2. d4 d5 3. Nc3 Be7 4. e5 c5 5. f4 Nh6 6. Nf3 Nc6 7. Ne2 f6 8. c3 0-0 9. g3 fxe5 10. Nxe5 Nf5 11. Bh3 Qb6 12. dxc5 Bxc5 13. Nd3 Bd6 14. Qb3 Qa6 15. Bxf5 Rxf5 16. Nf2 Bd7 17. Be3 Na5 18. Qc2 Nc4 19. Bd4 e5 20. fxe5 Nxe5 21. 0-0 Nf3+ 22. Kg2 Raf8 23. Nd3 Bb5 24. Rxf3 Rxf3 25. Ndf4 Bd3 26. Qb3 Be4 27. Kg1 Bxf4 28. Nxf4 R8xf4 0-1

[Event "Imperia op-A 54th"]
[Site "Imperia"]
[Date "2012.09.03"]
[Round "2"]
[White "Krouzel, Jaroslav"]
[Black "Zach, Andreas"]
[Result "1/2-1/2"]
[WhiteElo "2172"]
[BlackElo "2352"]
[PlyCount "47"]
[EventDate "2012.09.02"]
[EventType "swiss"]
[EventRounds "9"]
[EventCountry "ITA"]
[SourceTitle "EXT 2014"]
[Source "ChessBase"]
[SourceDate "2013.11.20"]
[SourceVersion "1"]
[SourceVersionDate "2013.11.20"]
[SourceQuality "1"]

1. d4 d5 2. Nf3 c6 3. Bf4 Qb6 4. b3 Nf6 5. e3 a5 6. Bd3 g6 7. 0-0 Bg7 8. Nc3 Bg4 9. h3 Bxf3 10. Qxf3 Nbd7 11. Na4 Qd8 12. c4 0-0 13. Rad1 Re8 14. Nc3 dxc4 15. Bxc4 b5 16. Be2 b4 17. Na4 Nd5 18. Rc1 Nxf4 19. Qxf4 e5 20. dxe5 Nxe5 21. Rfd1 Qe7 22. Qg3 Rad8 23. Nb2 Rxd1+ 24. Rxd1 1/2-1/2

[Event "Oberliga Bayern 1112"]
[Site "Bayern"]
[Date "2012.02.05"]
[Round "6.1"]
[White "Vavra, Pavel"]
[Black "Zach, Andreas"]
[Result "1/2-1/2"]
[WhiteElo "2299"]
[BlackElo "2338"]
[PlyCount "40"]
[EventDate "2011.10.02"]
[EventType "team-tourn"]
[EventRounds "9"]
[EventCountry "GER"]
[SourceTitle "EXT 2013"]
[Source "ChessBase"]
[SourceDate "2012.11.22"]
[SourceVersion "1"]
[SourceVersionDate "2012.11.22"]
[SourceQuality "1"]
[WhiteTeam "Wuerzburg"]
[BlackTeam "Groebenzell"]
[WhiteTeamCountry "GER"]
[BlackTeamCountry "GER"]

1. e3 d5 2. b3 Bf5 3. Bb2 e6 4. d3 Nf6 5. Nd2 h6 6. Qe2 c6 7. h3 a5 8. a3 Be7 9. g4 Bh7 10. h4 Bg6 11. Nh3 Nbd7 12. h5 Bh7 13. f4 Kf8 14. g5 Ne8 15. gxh6 Bf6 16. hxg7+ Nxg7 17. Bxf6 Qxf6 18. Rb1 Nf5 19. Qf3 Re8 20. Be2 e5 1/2-1/2

[Event "Imperia op-A 53rd"]
[Site "Imperia"]
[Date "2011.09.08"]
[Round "6"]
[White "Kukov, Velislav"]
[Black "Zach, Andreas"]
[Result "1/2-1/2"]
[WhiteElo "2425"]
[BlackElo "2344"]
[PlyCount "55"]
[EventDate "2011.09.04"]
[EventType "swiss"]
[EventRounds "9"]
[EventCountry "ITA"]
[SourceTitle "EXT 2014"]
[Source "ChessBase"]
[SourceDate "2013.11.20"]
[SourceVersion "1"]
[SourceVersionDate "2013.11.20"]
[SourceQuality "1"]

1. Nf3 d5 2. d4 c6 3. c4 Nf6 4. Nc3 Qb6 5. cxd5 cxd5 6. Na4 Qd8 7. Nc3 Qb6 8. Na4 Qd8 9. Bf4 Nc6 10. Nc3 Qb6 11. Na4 Qa5+ 12. Bd2 Qd8 13. a3 Ne4 14. Rc1 e6 15. b4 Bd6 16. e3 a5 17. Nc5 Nxd2 18. Qxd2 axb4 19. axb4 0-0 20. Be2 b6 21. Nd3 Bd7 22. 0-0 f6 23. Rb1 Qe7 24. Qb2 Ra4 25. Bd1 Ra7 26. Nfe1 Rfa8 27. Nc2 Be8 28. Be2 1/2-1/2

[Event "Oberliga Bayern 1011"]
[Site "Germany"]
[Date "2011.02.27"]
[Round "7.3"]
[White "Nuber, Korbinian"]
[Black "Zach, Andreas"]
[Result "0-1"]
[WhiteElo "2241"]
[BlackElo "2303"]
[PlyCount "142"]
[EventDate "2010.10.10"]
[EventType "team-tourn"]
[EventRounds "9"]
[EventCountry "GER"]
[SourceTitle "EXT 2012"]
[Source "ChessBase"]
[SourceDate "2011.11.24"]
[SourceVersion "1"]
[SourceVersionDate "2011.11.24"]
[SourceQuality "1"]
[WhiteTeam "Dillingen"]
[BlackTeam "Groebenzell"]
[WhiteTeamCountry "GER"]
[BlackTeamCountry "GER"]

1. e4 e6 2. d4 d5 3. Bd3 Nc6 4. c3 dxe4 5. Bxe4 Nf6 6. Bf3 Bd7 7. Bf4 h6 8. Nd2 Bd6 9. Ne2 0-0 10. Nc4 Qe7 11. Qd2 Rfd8 12. 0-0 Rab8 13. Rfe1 Bxf4 14. Qxf4 Be8 15. Ng3 Nd5 16. Qd2 Qf8 17. Re2 b5 18. Bxd5 Rxd5 19. Ne3 Rdd8 20. Qc1 Ne7 21. Ne4 Bc6 22. Nc5 Ng6 23. Nc2 Ba8 24. b4 Qd6 25. f3 Qe7 26. Ne3 Qg5 27. Ng4 Nf4 28. Re5 Qxe5 29. Nxe5 Ne2+ 30. Kf2 Nxc1 31. Rxc1 Bd5 32. a4 c6 33. Ra1 f6 34. Ned3 Ra8 35. Nb7 Rd7 36. Ndc5 Re7 37. Nd6 Rd8 38. Ndb7 Rb8 39. Nd6 Kf8 40. axb5 cxb5 41. Na6 Rd8 42. Nxb5 Bc4 43. Ra5 e5 44. Nac7 exd4 45. cxd4 Rb8 46. d5 a6 47. Nd4 Rxb4 48. Nde6+ Kf7 49. Nxa6 Rb2+ 50. Kg3 Bf1 51. Nac5 Rxg2+ 52. Kf4 Rd2 53. Ne4 g5+ 54. Ke3 Re2+ 55. Kd4 f5 56. Ng3 Rd2+ 57. Ke5 Bc4 58. Nxf5 Rxd5+ 59. Rxd5 Rxe6+ 60. Kd4 Bxd5 61. Kxd5 Ra6 62. Ke4 Kg6 63. Ng3 Ra2 64. h3 Rh2 65. f4 Rxh3 66. Kf3 Rh4 67. Ne2 Rh2 68. Ng3 Ra2 69. f5+ Kf6 70. Kg4 Ra4+ 71. Kh3 Rf4 0-1